000 00464nam a2200169Ia 4500
005 20250508151135.0
008 008 250505s9999 xx 000 0 eng d
037 _aTextual
040 _aFEDL
_beng
_cFEDL
041 _aeng
_2eng
084 _a372.35, RAT
_qFEDL
100 _aRatzesberger Anna
_9758504
245 0 _aWild animals
260 _aChicago, USA
_bRand McNally and Company
942 _cTEXL
_h372.35, RAT
999 _c1327839
_d1327839